Suitability of Missions for the Air Force Reserve Components (Record no. 352586)
[ view plain ]
| 000 -LEADER | |
|---|---|
| fixed length control field | 00701nam a2200133Ia 4500 |
| 008 - FIXED-LENGTH DATA ELEMENTS--GENERAL INFORMATION | |
| fixed length control field | 171212s9999 xx 000 0 und d |
| 020 ## - INTERNATIONAL STANDARD BOOK NUMBER | |
| International Standard Book Number | 9780833082152 |
| 100 ## - MAIN ENTRY--PERSONAL NAME | |
| Personal name | Robbert, Albert A.;Bigelow, James H.;Boon, John E. Jr.;Harrington, Lisa M.;McGee, Michael |
| 245 ## - TITLE STATEMENT | |
| Statement of responsibility, etc | Robbert, Albert A.;Bigelow, James H.;Boon, John E. Jr.;Harrington, Lisa M.;McGee, Michael |
| Title | Suitability of Missions for the Air Force Reserve Components |
| 260 ## - PUBLICATION, DISTRIBUTION, ETC. (IMPRINT) | |
| Name of publisher, distributor, etc | RAND Corporation |
| Date of publication, distribution, etc | 2014 |
| 650 ## - SUBJECT ADDED ENTRY--TOPICAL TERM | |
| Topical term or geographic name as entry element | History |
| 650 ## - SUBJECT ADDED ENTRY--TOPICAL TERM | |
| Topical term or geographic name as entry element | United States. Air Force -- Reserves--Organization; United States. Air Force -- Operational readiness; United States. Air Force -- Mobilization |
| 856 ## - ELECTRONIC LOCATION AND ACCESS | |
| Uniform Resource Identifier | <a href="http://www.jstor.org/stable/10.7249/j.ctt6wq8wp">http://www.jstor.org/stable/10.7249/j.ctt6wq8wp</a> |
| Withdrawn status | Lost status | Damaged status | Home library | Current library | Date acquired | Total Checkouts | Full call number | Date last seen | Price effective from | Koha item type |
|---|---|---|---|---|---|---|---|---|---|---|
| College Library | College Library | 12/12/2017 | UG853.R62 2014 | 12/12/2017 | 12/12/2017 | Curriculum - Based eBooks |